[Event "Monarch Assurance 15th"]
[Site "Port Erin"]
[Date "2006.09.25"]
[Round "3"]
[White "Korneev, Oleg"]
[Black "Kuzubov, Yuriy"]
[Result "1-0"]
[WhiteElo "2638"]
[BlackElo "2554"]
[Annotator "Ftacnik,L"]
[PlyCount "69"]
[EventDate "2006.09.23"]
[EventType "swiss"]
[EventRounds "9"]
[EventCountry "IOM"]
[SourceTitle "CBM 114 Extra"]
[Source "ChessBase"]
[SourceDate "2006.11.03"]
[SourceVersion "1"]
[SourceVersionDate "2006.11.03"]
[SourceQuality "1"]

1. e4 c5 2. Nf3 d6 3. d4 cxd4 4. Nxd4 Nf6 5. Nc3 a6 6. Be3 e5 7. Nf3 Be7 8. Bc4
O-O 9. O-O Nbd7 10. a4 b6 11. h3 {Korneev secures the e3 bishop from attacks
like Ng4 and prepares the potential relocation of his own knight via g4.} (11.
Qd3 Bb7 12. Nd5 (12. Rad1 Qc7 13. Rfe1 Nc5 14. Bxc5 Qxc5 15. Nd2 Rfd8 16. Bb3
Bf8 {1/2 Nevednichy,V (2552)-Negulescu,A (2422)/Brasov 2004/}) 12... Nxd5 13.
Bxd5 Bxd5 14. Qxd5 Qc7 15. c4 Rfc8 16. Nd2 Nf6 17. Qd3 h6 18. b3 Ng4 19. Nb1 d5
20. exd5 e4 21. d6 Bxd6 22. Qxe4 Bxh2+ 23. Kh1 Nxe3 24. fxe3 Re8 {0-1 Sarenac,
D (2144)-Stankovic,M (2079)/Niska Banja 2004/ (38)}) 11... Bb7 12. Qd3 Qc7 (
12... Nc5 13. Bxc5 bxc5 14. b3 $14) 13. Rfd1 Bc6 {Kuzubov misses a good moment
to get the knight jump in with equal chances.} (13... Nc5 $5 14. Bxc5 Qxc5 15.
b3 Rfc8 $11) 14. Nh2 $5 (14. Bxa6 Nxe4 15. Nxe4 Bxe4 16. Qxe4 Rxa6 17. Qd3 Rfa8
$11) (14. b3 Qb7 $11) 14... Qb7 (14... Nc5 15. Bxc5 bxc5 16. Ng4 $14) 15. Ng4
$1 {As by a small miracle white knight comes on time to ease the pressure} Nxe4
$6 (15... Nxg4 16. hxg4 Nc5 17. Bxc5 bxc5 18. Bd5 $14) 16. Nd5 Ndf6 (16... Ndc5
17. Bxc5 Nxc5 18. Nxe7+ Qxe7 19. Qxd6 Qxd6 20. Rxd6 Rac8 21. Nxe5 Bxa4 22. b3
Bb5 23. Rxb6 $16) 17. Ngxf6+ Nxf6 18. Bxa6 $1 {[%mdl 64] The whole point of
the combination. Now we understand the hidden importance of bishop-queen
batery along the a6-f1 diagonal.} Rxa6 (18... Qd7 19. Nxb6 Qc7 20. Nxa8 Rxa8
21. Bb5 $18) 19. Nxe7+ Qxe7 20. Qxa6 Nd5 21. Qe2 (21. a5 Bb7 (21... Nxe3 22.
fxe3 Qg5 23. Rd2 Qxe3+ 24. Rf2 Ra8 25. Qc4 $18) 22. Qd3 bxa5 23. Rxa5 Nxe3 24.
Qxe3 $18) 21... Qb7 22. c4 Ne7 (22... Nxe3 23. Qxe3 Bxg2 24. Rxd6 Bh1 25. Qg3
$18) 23. f3 {To the untrained eyes black has ended exchange down with no
visible compensation.} (23. Rxd6 Nf5 24. Rd2 Bxg2 25. Qg4 Nxe3 26. fxe3 Bc6 $16
) 23... Nf5 24. b4 Re8 (24... e4 25. f4 Rd8 26. b5 Bd7 27. a5 $18) 25. a5 (25.
b5 $5 Bd7 26. a5 $18) 25... b5 26. a6 Qd7 27. Bf2 (27. c5 e4 28. f4 d5 29. Bd4
$18) 27... bxc4 28. Qxc4 d5 29. Qc5 {Korneev is very careful with realisation
of his advantage.} (29. a7 $5 g6 30. Qc5 Ba8 31. Ra5 Ne7 (31... Rc8 32. Rxd5 $1
$18) 32. Rb5 $18) 29... d4 30. Rdc1 (30. a7 f6 31. Rdc1 Ne7 32. Qb6 $18) 30...
Bd5 31. b5 d3 (31... e4 32. fxe4 Bxe4 33. b6 Qd8 34. Re1 $18) 32. b6 d2 33. Rd1
Bxf3 34. a7 $5 {The end of the encounter will be very charming, since passed
pawns could produce three more queens.} (34. gxf3 Nd4 35. Bxd4 Qxh3 (35... exd4
36. a7 Qxh3 37. Qe5 $18) 36. Bxe5 Qxf3 37. Rxd2 f6 38. b7 fxe5 39. Qd5+ $18)
34... Bxd1 (34... Ba8 35. Be3 Qd3 36. Bxd2 Nd4 37. b7 Bxb7 38. Qxe5 $1 $18) 35.
a8=Q (35. a8=Q Ba4 36. b7 d1=Q+ 37. Rxd1 Qxd1+ 38. Kh2 Qd7 39. b8=Q $18) 1-0

[Event "Moscow Aeroflot op-A"]
[Site "Moscow"]
[Date "2004.02.24"]
[Round "8"]
[White "Sadvakasov, Darmen"]
[Black "Korobov, Anton"]
[Result "1-0"]
[WhiteElo "2611"]
[BlackElo "2552"]
[Annotator "Ftacnik,L"]
[PlyCount "49"]
[EventDate "2004.02.17"]
[EventType "swiss"]
[EventRounds "9"]
[EventCountry "RUS"]
[SourceTitle "CBM 100"]
[Source "ChessBase"]
[SourceDate "2004.06.01"]
[SourceVersion "1"]
[SourceVersionDate "2004.06.01"]
[SourceQuality "1"]

1. e4 c5 2. Nf3 d6 3. d4 cxd4 4. Nxd4 Nf6 5. Nc3 a6 6. Be3 e5 7. Nb3 Be6 8. f3
Nbd7 9. g4 Be7 10. Qd2 O-O 11. O-O-O Qc7 12. Kb1 Rfc8 13. Qf2 Bd8 $146 {
[%mdl 8] The new idea of supporting the b6 square, black may even land with
his dark squared bishop on the queenside.} (13... b5 14. g5 Nh5 15. h4 b4 16.
Nd5 Bxd5 17. Rxd5 (17. exd5 Rcb8 18. f4 exf4 19. Bxf4 Nxf4 20. Qxf4 Ne5 21. Nd4
a5 22. h5 a4 23. g6 b3 24. cxb3 axb3 25. a3 {1/2-1/2 Sadvakasov,D-Ghaem
Maghami,E/Jodhpur 2003/ (31)}) 17... a5 (17... Rcb8 18. f4 exf4 19. Bxf4 Nxf4
20. Qxf4 a5 21. Nd4 Ne5 22. Nf5 a4 23. Rh3 b3 24. cxb3 axb3 25. Rxb3 Rxb3 26.
axb3 Bf8 27. Bb5 Qa5 28. Ba4 {1-0 Sadvakasov,D-Popovic,D/playchess.com 2003/ 
(53)}) 18. Bh3 a4 19. Nc1 Rcb8 20. Bg4 Nf4 21. Bxf4 exf4 22. Bxd7 Qxd7 23. Qd2
Rb5 24. Ne2 Rc8 25. Nxf4 $16 {Anand,V-Van Wely,L/Wijk/2001/ 1-0 (34)}) 14. g5
Nh5 15. h4 Nb6 (15... Qc6 $5 16. Rh2 (16. Nd5 Ng3 17. Rg1 Nxf1 18. Rgxf1 f5 $11
) 16... Bb6 17. Bxb6 Nxb6 18. Qd2 Rd8 $11) 16. Rh2 g6 (16... Nc4 17. Bxc4 Bxc4
18. Qd2 Ng3 19. Rf2 (19. Qxd6 $2 Qxd6 20. Rxd6 Nf1 $17) 19... f5 20. gxf6 Bxf6
21. Nd5 $16) 17. f4 $1 exf4 18. Bxf4 Nxf4 (18... Be7 19. Be3 $16) 19. Qxf4 d5
$6 {Strategically dubious solution, Korobov was hoping to attack the e5 pawn.}
(19... Bxb3 20. axb3 Qe7 21. Re2 Bc7 22. Nd5 Nxd5 23. exd5 Qf8 24. Bh3 $14) 20.
e5 Qe7 21. Qf3 (21. Rf2 Bc7 22. Bg2 Rd8 23. Re2 $16) 21... Bc7 22. Re1 Qb4 (
22... Re8 23. Qf4 (23. Rd2 Rad8 24. Nd4 Bc8 $11) 23... Bd7 24. Rhe2 Rad8 25.
Bg2 Be6 26. h5 $16) 23. Bh3 Rf8 (23... Qxh4 $2 24. Reh1 Qxg5 25. Bxe6 fxe6 26.
Rxh7 $18) 24. h5 {Sadvakasov is using his great chance of kingside attack
along the h file.} Qh4 $2 (24... Rae8 25. Qg3 Bxh3 26. Qxh3 Re7 27. Qg3 $16)
25. Qh1 $1 (25. Reh1 Bxe5 26. Bxe6 Bxh2 $15) (25. Qh1 $1 Bxh3 26. Rxh3 Qc4 27.
hxg6 fxg6 28. Rxh7 Bxe5 29. Re7 $18) 1-0

[Event "EU-Cup 18th"]
[Site "Kallithea"]
[Date "2002.09.22"]
[Round "1.2"]
[White "Motylev, Alexander"]
[Black "Olafsson, Helgi"]
[Result "1-0"]
[WhiteElo "2634"]
[BlackElo "2476"]
[Annotator "Ftacnik,L"]
[PlyCount "69"]
[EventDate "2002.09.22"]
[EventType "team-swiss"]
[EventRounds "7"]
[EventCountry "GRE"]
[SourceTitle "CBM 092"]
[Source "ChessBase"]
[SourceDate "2003.02.06"]
[SourceVersion "1"]
[SourceVersionDate "2003.02.06"]
[SourceQuality "1"]
[WhiteTeam "Tomsk 400"]
[BlackTeam "Reykjavik Hellir"]
[WhiteTeamCountry "RUS"]
[BlackTeamCountry "ISL"]

1. e4 c5 2. Nf3 d6 3. d4 cxd4 4. Nxd4 Nf6 5. Nc3 a6 6. f3 e5 7. Nb3 Be6 8. Be3
Nc6 9. Nd5 Bxd5 10. exd5 Ne7 11. c4 g6 12. a4 h5 13. a5 Bh6 {Black hopes for
some compensation in the weakness of the dark squares, since his queenside is
unpleasantly blocked.} (13... Nd7 14. Bd3 Bh6 15. Bxh6 Rxh6 16. Qd2 $14) 14.
Bxh6 Rxh6 15. Qd2 Rh8 16. f4 $1 Nf5 (16... exf4 17. Qxf4 Ng4 18. Be2 Ne5 19.
O-O $16) (16... Nd7 17. Be2 Qc7 18. fxe5 Nxe5 19. O-O O-O-O 20. Rae1 Kb8 21.
Nd4 $16) 17. fxe5 Ng4 (17... dxe5 18. Nc5 (18. Qb4 Qe7 19. Qxe7+ Kxe7 20. Nc5
Nd6 21. Be2 $14) 18... Qe7 19. b4 O-O-O 20. Be2 Nd7 21. Nxd7 Rxd7 22. O-O $14)
18. exd6 Qh4+ (18... Qxd6 19. O-O-O O-O-O 20. Bd3 $16) 19. g3 $1 {Courage
counts for lot in sharp positions as the opponent has to navigate his way
through difficult choices.} (19. Ke2 $2 O-O-O 20. Qf4 Rhe8+ 21. Kd2 Qf6 22. Rb1
g5 23. Qf3 Re3 $19) 19... Nxg3 20. hxg3 Qxg3+ $5 (20... Qxh1 21. O-O-O Qf3 22.
Re1+ Kf8 23. Qd4 f6 24. Qe4 $14) 21. Kd1 Qxb3+ (21... Nf2+ 22. Kc2 Nxh1 23. Nc5
$1 Qxd6 (23... O-O-O 24. Qb4 b5 25. axb6 Qf2+ (25... Rxd6 26. Rxa6 $18) 26. Kb3
Qf3+ 27. Bd3 Rxd6 28. Rxa6 $18) 24. Nxb7 Qc7 25. d6 Qxb7 26. Bg2 $16) 22. Kc1
Qg3 (22... Qe3 23. Bh3 (23. Qxe3+ Nxe3 24. Kd2 Nxf1+ 25. Rhxf1 O-O-O 26. c5 $14
) 23... Qxd2+ 24. Kxd2 Nf2 25. Rhe1+ Kf8 26. Bg2 $16) 23. c5 Rc8 24. b4 Qxd6 (
24... Kd7 25. Bh3 f5 26. Bxg4 fxg4 27. Kb2 $13) 25. Ra3 Kd8 (25... f5 26. Bc4
Qf8 27. Re1+ Kd8 28. d6 $40) 26. Bc4 Qf6 27. Rf1 Qh4 $2 {General principles
apply even in unusual positions and the queen will be very pporly placed at
the edge of the board.} (27... Qg7 28. d6 f5 29. Re1 $14) 28. Qf4 Rc7 (28...
Qe7 29. d6 Qe5 30. Qxf7 Qg5+ 31. Qf4 $16) 29. d6 Rd7 (29... Rc6 30. Bxf7 Rf8
31. Re3 Rxf7 32. Qxf7 Nxe3 33. Qg8+ Kd7 34. Rf7+ Ke6 35. Rf4+ $18) 30. b5 $1 (
30. Be6 $5 {Motylev already had a pleasant choice of various tempting winning
ideas.} f5 (30... fxe6 $2 31. Qf8+ Rxf8 32. Rxf8#) 31. b5 $1 Qf6 (31... axb5
32. a6 bxa6 33. c6 $18) 32. bxa6 bxa6 33. Rb3 Ke8 34. Bxd7+ Kxd7 35. Qa4+ $18)
30... g5 (30... Re8 31. bxa6 Re1+ 32. Rxe1 Qxe1+ 33. Kc2 Qg1 (33... bxa6 34.
Rb3 $18) 34. a7 $18) 31. bxa6 gxf4 32. a7 Ke8 (32... Rc7 33. a8=Q+ Rc8 34. Qxb7
Ne5 35. Rc3 Nxc4 (35... Qf6 36. Bb5 Nc6 37. Rff3 $18) 36. c6 $18) 33. a8=Q+ Qd8
(33... Rd8 34. Qxb7 $18) 34. Qxd8+ Rxd8 35. a6 (35. a6 bxa6 36. Rxf4 f6 37.
Rxa6 Ne5 38. Ra7 $18) 1-0

[Event "Sao Paulo Itau Cup 10th"]
[Site "Sao Paulo"]
[Date "2006.09.28"]
[Round "7"]
[White "Vescovi, Giovanni P"]
[Black "Di Berardino, Diego Rafael"]
[Result "1-0"]
[WhiteElo "2619"]
[BlackElo "2370"]
[Annotator "Ftacnik,L"]
[PlyCount "83"]
[EventDate "2006.09.23"]
[EventType "swiss"]
[EventRounds "9"]
[EventCountry "BRA"]
[SourceTitle "CBM 114 Extra"]
[Source "ChessBase"]
[SourceDate "2006.11.03"]
[SourceVersion "1"]
[SourceVersionDate "2006.11.03"]
[SourceQuality "1"]

1. e4 c5 2. Nf3 d6 3. d4 cxd4 4. Nxd4 Nf6 5. Nc3 a6 6. f3 e5 7. Nb3 Be6 8. Be3
Be7 9. Qd2 O-O 10. O-O-O Nbd7 11. g4 b5 12. g5 b4 13. Ne2 Ne8 14. Kb1 (14. h4
a5 15. Kb1 Nb6 16. Ng3 a4 17. Nc1 d5 18. Bxb6 Qxb6 19. exd5 Rd8 20. Bc4 Nc7 21.
dxe6 Rxd2 22. exf7+ Kh8 23. Rxd2 Qc6 24. b3 Nb5 25. Bxb5 Qxb5 26. Nf5 Rxf7 27.
Nxe7 Rxe7 28. Rd8+ Re8 29. Rhd1 {1-0 Morozevich,A (2731)-Volokitin,A (2662)/
Biel 2006/ (85)}) 14... a5 15. Nbc1 Nb6 16. Ng3 d5 (16... Nc4 17. Bxc4 Bxc4 18.
Nf5 Be6 19. Ne2 Qd7 20. Neg3 $14) 17. Bxb6 Qxb6 18. exd5 Rd8 19. Bc4 Nc7 20.
dxe6 $6 {Vescovi is very active player with good understanding of the fine
chess problems. When taking on e6 he was probably assuiming to be following
the sacinating idea from Morozevich-Volokitin game. Unfortunatelly white has
played 15.Nbc1 instead of 15.h4.} (20. Qe2 Nxd5 21. Qxe5 Qc5 22. Bxd5 Bxd5 23.
Nd3 Bd6 24. Nxc5 {1/2 Kurenkov,N (2401)-Anisimov,P (2458)/St Petersburg 2004/})
20... Rxd2 21. exf7+ Kh8 (21... Rxf7 22. Bxf7+ Kxf7 23. Rxd2 Bxg5 24. Rd7+ Kg8
25. Nd3 $16) 22. Rxd2 Qc6 23. b3 Bxg5 (23... Qxf3 $2 24. Rd7 Bd8 25. Nd3 $18)
24. Rd3 Nb5 (24... Ne6 25. Ne4 Be7 26. Rd5 Nd4 27. Rf1 Qc7 28. Nd3 Nc6 29. Nec5
$1 $16) 25. Bxb5 Qxb5 26. Rhd1 g6 $6 {Di Bernardino was confronted with quite
complex position and he choses the natural looking move freeing the king.} (
26... Qc6 $1 27. Ne4 Be7 28. Rd7 Qe6 29. Ra7 Qxf7 30. Rd3 (30. Rdd7 Qxf3 31.
Rxe7 Qxe4 32. Rxa5 Qg2 $17) 30... h6 31. Ne2 Qe6 32. Rxa5 Qh3 $17) (26... Rxf7
$4 27. Rd8+ $18) 27. Ne4 Bh4 (27... Bxc1 28. Kxc1 Qb6 (28... Rxf7 29. Nd6 $18)
29. Nd6 Kg7 $15) (27... Be7 28. Rd7 Rxf7 29. Rc7 Qb8 30. Rdd7 $18) 28. Rd7 Kg7
29. Rc7 Qb6 (29... Rxf7 $2 30. Rxf7+ Kxf7 31. Nd6+ $18) 30. Rdd7 {White has
managed to establish two rooks on the 7th so now it is turn of the knights.}
Qg1 (30... h5 31. Nd3 Qg1+ 32. Kb2 Qxh2 33. Ra7 Qh3 34. Nxe5 Bg3 35. Nxg3 Qxg3
36. Rxa5 Qe1 37. Rc5 h4 38. Rd6 Qe3 39. Rxg6+ Kh7 40. Rgc6 Qd4+ $11) 31. Kb2
Bg5 (31... Bf2 32. Nxf2 Qxf2 33. Nd3 Qxf3 34. Re7 (34. Nxe5 Qf2 $11) 34... Qf6
35. Nc5 e4+ 36. Kb1 Qf1+ 37. Kb2 Qf6+ $11) 32. Nxg5 Qxg5 33. Nd3 Qf6 34. Kb1
Qxf3 35. Nxe5 Qe3 (35... Qh1+ 36. Kb2 Qxh2 37. Re7 Qf4 (37... h5 38. Rc6 Qd2
$11) 38. Re8 h5 39. Rce7 Qd4+ 40. Kb1 Qg1+ $11) 36. Nd3 (36. Re7 Qg1+ 37. Kb2
Qd4+ $11) 36... Qg1+ {Black is not suspecting, that he may play for win..} (
36... h5 $1 $15) 37. Kb2 Qxh2 38. Re7 Qd2 (38... h5 39. Nc5 (39. Ne5 Kf6 40.
Re8 Qxe5+ 41. Rxe5 Kxe5 $19) 39... Kh6 $17) 39. a4 Kh6 $2 {The king will not
be safe on h6 and what is more he blocks the fine h7 pawn.} (39... bxa3+ 40.
Kxa3 h5 41. Nc5 $11) (39... h5 40. Nc5 Qc3+ 41. Kb1 Kh6 42. Ne6 Qe1+ 43. Ka2
Rxf7 44. Rxf7 Qxe6 $15) 40. Nc5 Qc3+ (40... Qd6 41. Ne6 Rxf7 42. Rxf7 Qxe6 43.
Rxh7+ Kg5 44. Rc5+ Kf4 45. Rxa5 $18) 41. Kb1 Rd8 42. f8=Q+ $1 {Finally the
white pieces have got the chance to do a real coordinated demage!} (42. f8=Q+
$1 Rxf8 43. Rxh7+ Kg5 44. Ne4+ $18) 1-0

[Event "Dortmund 5th-8th"]
[Site "Dortmund"]
[Date "2004.07.30"]
[Round "2"]
[White "Karjakin, Sergey"]
[Black "Naiditsch, Arkadij"]
[Result "0-1"]
[WhiteElo "2591"]
[BlackElo "2574"]
[Annotator "Ftacnik,L"]
[PlyCount "98"]
[EventDate "2004.07.29"]
[EventType "k.o."]
[EventRounds "4"]
[EventCountry "GER"]
[SourceTitle "CBM 103"]
[Source "ChessBase"]
[SourceDate "2004.11.11"]
[SourceVersion "1"]
[SourceVersionDate "2004.11.11"]
[SourceQuality "1"]

1. e4 c5 2. Nf3 d6 3. d4 cxd4 4. Nxd4 Nf6 5. Nc3 a6 6. Be3 e5 7. Nb3 Be6 8. f3
Nbd7 9. g4 Nb6 10. g5 Nh5 11. Qd2 Be7 12. O-O-O O-O 13. Kb1 Rc8 14. Rg1 Qc7 15.
Qf2 Bd8 16. h4 g6 17. f4 exf4 18. Bxf4 Nxf4 19. Qxf4 Na4 20. Rg3 Nxc3+ 21. Rxc3
Qe7 22. Rxc8 {Due to the dark squared bishop black will be able to get
counterplay against white's pawn structure h4-g5.} (22. Rf3 Bc7 23. Nd4 Bd7 24.
Re3 Rfe8 25. h5 d5 26. Qh4 dxe4 27. Bc4 Bg3 28. Bxf7+ Qxf7 29. Rxg3 e3 {
0-1 Parligras,M-Acs,P/Mallorca 2004 (42)}) 22... Bxc8 23. Bc4 Kg7 24. Qe3 (24.
Qxd6 Qxd6 25. Rxd6 h6 $11) (24. Rxd6 Bc7 25. e5 b5 26. Bd5 Bxd6 27. exd6 Qe1+
28. Nc1 Bf5 $15) 24... f6 25. gxf6+ Qxf6 (25... Rxf6 26. h5 $14) 26. Bd5 (26.
h5 gxh5 27. Rg1+ Bg4 28. Qa7 Qe7 29. Bd5 Qc7 30. Qe3 Kh8 31. Nd4 Bf6 32. c3 $14
) 26... Qe5 27. Rh1 Rf4 28. h5 gxh5 29. Nc1 {Strong white bishop on d5 and
loose position of the black king favour the first player.} (29. Nd2 $1 h4 (
29... Bg4 30. Bxb7 Bg5 31. Qd3 $16) 30. Nc4 Qf6 31. Rg1+ Bg4 32. Nd2 b5 33. Be6
h5 34. Bf5 Qh6 35. Qa7+ Kf8 36. Nb3 $16) 29... Rg4 30. Nd3 Qg5 31. Qa7 Kh6 32.
a4 (32. Rf1 Qg7 33. Qe3+ Qg5 34. Qf2 $16) 32... Qg7 33. Ka2 $6 (33. Qe3+ $5 Qg5
34. Qf3 Qf6 35. Qd1 Kg7 36. Rf1 $16) 33... b6 34. Qa8 Qc7 35. Nb4 (35. Kb1 Bf6
36. Nb4 a5 37. Na6 $14) 35... a5 36. Nc6 Bf6 37. Rf1 (37. c3 Qb7 38. Qxb7 (38.
Ne5 Qxa8 39. Nxg4+ Kg7 40. Bxa8 hxg4 41. Kb3 Bd7 $17) 38... Bxb7 39. Rf1 Kg7
40. Ne7 Bxd5+ 41. Nxd5 Be5 42. Nxb6 h4 43. Rh1 Rxe4 $15) 37... Rg6 38. e5 $2 {
[%mdl 2048] Karjakin becomes nervous due to his misplaced queen and he
committs serious mistake. All the endgames will now clearly favour black.} (38.
Kb3 Bb7 39. Qf8+ Qg7 40. Qxg7+ Kxg7 41. Ne7 Bxd5+ 42. Nxd5 Bd8 43. Nf4 Rh6 44.
Kc4 h4 45. Kd5 $13) 38... dxe5 (38... Bxe5 39. Rf7 Bd7 40. Nxe5 dxe5 41. Qf8+
Kg5 42. Qe7+ $18) 39. Na7 (39. Be4 Kg7 40. Bxg6 hxg6 $19) 39... Bh3 (39... Ba6
40. Nb5 Bxb5 41. axb5 Qxc2 42. Qc6 Qa4+ 43. Kb1 Be7 $19) 40. Rh1 Bg4 41. c3 (
41. Bb3 e4 42. Nb5 Qc5 43. Qxe4 Qe5 $17) 41... Qd8 $1 {Naiditsch perfectly
uses exposed location of white's pieces, without queens nobody can stop black
passed pawns.} 42. Qxd8 (42. Qc6 Qd7 $19) 42... Bxd8 43. Nc6 Bc7 44. b4 Be6 45.
Ne7 (45. Bxe6 Rxe6 46. b5 e4 $19) 45... Bd6 46. Bxe6 Rxe6 47. Nd5 (47. Nf5+ Kg5
48. Ng7 Rh6 49. Rg1+ Kf4 50. Rf1+ Kg4 51. Rg1+ Kf3 52. Nf5 Re6 $19) 47... e4
48. Nxb6 e3 49. Nc4 Bg3 0-1